ՀՀ Գիտությունների ազգային ակադեմիայի հիմնարար գիտական գրադարան  =   Fundamental Scientific Library of NAS RA
Normal view MARC view

Entry Personal Name

Number of records used in: 2

001 - CONTROL NUMBER

  • control field: 2775

003 - CONTROL NUMBER IDENTIFIER

  • control field: AM-YEHGA

005 - DATE AND TIME OF LATEST TRANSACTION

  • control field: 20250617070438.0

008 - FIXED-LENGTH DATA ELEMENTS

  • fixed length control field: 060321 a|ac|n|aab||||||||||||a |n|||||||

040 ## - CATALOGING SOURCE

  • Original cataloging agency: AM-YEHGA

100 1# - HEADING--PERSONAL NAME

  • Personal name: Ջոթյան, Պարույր Հովհաննեսի,
  • Dates associated with a name: 1913-1954

400 1# - SEE FROM TRACING--PERSONAL NAME

  • Personal name: Ջոթյան, Պարույր,
  • Dates associated with a name: 1913-1954

400 1# - SEE FROM TRACING--PERSONAL NAME

  • Personal name: Ջոթյան, Պ.
  • Fuller form of name: (Պարույր),
  • Dates associated with a name: 1913-1954

400 1# - SEE FROM TRACING--PERSONAL NAME

  • Personal name: Джотян, Паруйр Оганесович,
  • Dates associated with a name: 1913-1954

400 1# - SEE FROM TRACING--PERSONAL NAME

  • Personal name: Jotyan, Paruyr Hovhannesi,
  • Dates associated with a name: 1913-1954

670 ## - SOURCE DATA FOUND

  • Source citation: Խաչատրյան Հ.Հ. Գրական տեղեկատու, 1986 :
  • Information found: (Ջոթյան Պարույր Հովհաննեսի (13.3.1913, Մեծ Պարնի (այժմ՝ ՀՍՍՀ Սպիտակի շրջ-ում) - 8.10.1954, Երևան), արձակագիր, թարգմանիչ, ՍՍՀՄ գրող. միութ. անդամ 1947-ից)

670 ## - SOURCE DATA FOUND

  • Source citation: Գերված աղջիկը, 1947 :
  • Information found: տիտղթ. (Պ. Ջոթյան); (Ջոթյան Պարույր)


ՀՀ ԳԱԱ հիմնարար գիտական գրադարան
ՀՀ,Երևան 0019
Մարշալ Բաղրամյան 24/6
հեռախոս:(374-10) 52-47-50
Հետադարձ կապ

All site content, except where otherwise noted, is licensed under a
Creative Commons License